| 000 | 00658nam a2200241 a 4500 | ||
|---|---|---|---|
| 999 |
_c7441 _d7441 |
||
| 001 | 7441 | ||
| 003 | BD-JhCC | ||
| 005 | 20180210171428.0 | ||
| 008 | 180210b1967 e a|||| ||a| 000 0 eng d | ||
| 035 | _a(BD-JhCC) 7441 | ||
| 040 |
_aBD-JhCC _dBD-JhCC |
||
| 041 | _aeng | ||
| 082 |
_a573.3 _bHOE 1958 |
||
| 100 | _aHoebel, E. Adamson | ||
| 245 |
_aMan in the Primitive World : _ban introduction to anthropology / _cE. Adamson Hoebel |
||
| 250 | _a2nd ed. | ||
| 260 |
_aLondon : _bMcGRAW-HILL BOOK COMPANY, INC, _c1958. |
||
| 300 |
_a678 P. : _c23 CM . |
||
| 650 | _aPrimitive Societies | ||
| 650 | _aAnthropology | ||
| 942 |
_2ddc _cBK |
||